| 000 | 00872nam a22002657a 4500 | ||
|---|---|---|---|
| 003 | 9781666813944 | ||
| 005 | 20250819120338.0 | ||
| 008 | 250221b |||||||| |||| 00| 0 eng d | ||
| 020 | _a9781666813944 | ||
| 040 |
_beng _cURS _dURS |
||
| 100 | 1 |
_aGreen, Jude, _eauthor |
|
| 245 | 1 | 0 |
_aHistory of the modern world / _cJude Green |
| 264 |
_aCalifornia _bTritech Digital Media _c2022 |
||
| 300 | _a1 online resource | ||
| 336 |
_2rdacontent _atext _btxt |
||
| 337 |
_2rdamedia _a computer _bcnb |
||
| 338 |
_2rdacarrier _aonline resource |
||
| 504 | _aIncludes bibliographical references. | ||
| 650 | 0 |
_aWorld history _xModern period |
|
| 650 | 0 | _aCivilization, Modern. | |
| 650 | 0 | _aHistorical analysis. | |
| 710 | _aTritech Digital Media | ||
| 856 |
_uhttps://tdmebooks.com/book-detail.php?book_id=Nzg3OA== _zAvailable online |
||
| 942 |
_2lcc _cE-BOOK |
||
| 999 |
_c84162 _d84160 |
||